|
|
|
|
| LEADER |
01300nam a22003494a 4500 |
| 001 |
34170 |
| 003 |
BD-DhAAL |
| 005 |
20211125102154.0 |
| 008 |
190120t2008 enk 000 0 eng |
| 999 |
|
|
|c 40409
|d 40409
|
| 010 |
|
|
|a 2009396201
|
| 020 |
|
|
|a 9780571245291
|
| 040 |
|
|
|a DLC
|c DLC
|d BD-DhAAL
|
| 050 |
0 |
0 |
|a PR6058.A678
|b G48 2008
|
| 082 |
|
|
|a 658.1522
|2 21
|
| 100 |
1 |
|
|a Hare, David,
|d 1947-
|9 29654
|
| 245 |
1 |
0 |
|a Gethsemane /
|c David Hare.
|
| 260 |
|
|
|a London :
|b Faber and Faber,
|c 2008.
|
| 300 |
|
|
|a 123 pages ;
|c 20 cm.
|
| 490 |
0 |
|
|a FF plays
|
| 526 |
|
|
|a ENH
|
| 541 |
|
|
|a Book Worm
|e 34170, 34171
|
| 650 |
|
0 |
|a Fund raising
|9 29655
|
| 650 |
|
0 |
|a Fund raising
|v Drama
|9 29656
|
| 650 |
|
0 |
|a Political ethics
|v Drama.
|9 29657
|
| 650 |
|
0 |
|a Political plays, English.
|9 29658
|
| 650 |
|
0 |
|a Political ethics
|9 29659
|
| 650 |
|
0 |
|a English literature.
|9 43116
|
| 852 |
|
|
|a Ayesha Abed Library
|c General Stacks
|
| 942 |
|
|
|2 ddc
|c BK
|
| 952 |
|
|
|0 0
|1 0
|2 ddc
|4 0
|6 658_152200000000000_HAR
|7 0
|9 64954
|a BRACUL
|b BRACUL
|c GEN
|d 2019-01-20
|e Book Worm
|g 1104.15
|l 0
|o 658.1522 HAR
|p 3010034170
|r 2019-03-23
|t 1
|v 1299.00
|w 2019-01-20
|y BK
|
| 952 |
|
|
|0 0
|1 0
|2 ddc
|4 0
|6 658_152200000000000_HAR
|7 0
|9 64955
|a BRACUL
|b BRACUL
|c GEN
|d 2019-01-20
|e Book Worm
|g 1104.15
|l 0
|o 658.1522 HAR
|p 3010034171
|r 2019-03-23
|t 2
|v 1299.00
|w 2019-01-20
|y BK
|